000 00415nam a2200145 u 4500
001 000008033
005 20200929154413.0
008 100813s1987 000 0 spa d
020 _a9688220701
040 _aDO-SdBNP
_bspa
_cBNPHU
082 _axxx
_bxxx
245 1 0 _aLos Chinantecos y su habitat /
_cBernard Bevan.
260 _aMéxico, :
_bInstituto Nacional Indigenista,
_c1987.
300 _a229 p. :
_bil ;
_c22 cm.
999 _c7810
_d7810